|
|
|
|
| LEADER |
00611nab a2200169 i 4500 |
| 001 |
acta16948 |
| 005 |
20210622143059.0 |
| 008 |
161015s1930 hu o 0|| fre d |
| 040 |
|
|
|a SZTE Egyetemi Kiadványok Repozitórium
|b hun
|
| 041 |
|
|
|a fre
|
| 100 |
1 |
|
|a Oravetz Vera
|
| 245 |
1 |
4 |
|a Les impressions françaises de Vienne
|h [elektronikus dokumentum] :
|b 1567-1850 /
|c Oravetz Vera
|
| 260 |
|
|
|c 1930
|
| 300 |
|
|
|a 0-6
|
| 490 |
0 |
|
|a Études françaises
|v 3
|
| 695 |
|
|
|a Irodalomtudomány, Irodalomtörténet, Művelődés
|
| 856 |
4 |
0 |
|u http://acta.bibl.u-szeged.hu/16948/1/francia_tanulmanyok_003_000-006.pdf
|z Dokumentum-elérés
|